000 00340nam a2200145Ia 4500
008 150201s2009 xx 000 0 und d
082 _a610
_bM09H
100 _aHOSSAIN & GUPTA
245 _aTB. OF MEDICINE
250 _a1ST
260 _bAITBS
_aDELHI
_c2009
300 _a1-717
650 _aMEDICINE AND DIAGNOSIS
942 _2ddc
_cBK
_014
999 _c1278
_d1278